000 00278nam a22001217a 4500
008 171030b xxu||||| |||| 00| 0 eng d
041 _aALB
080 _a33
100 _a58
101 _aBUS
245 _aSERBIMET E SIGURISE E TE KONSULENCES
_cSHULI.I
942 _2udc
_cBK
999 _c36545
_d36545